01069nam a2200277 a 450000100060000000300080000600500170001400800410003102000330007202000260010503500190013104000270015004100080017708200260018524501230021126000620033430000210039650400640041760000460048165000340052770000250056170000340058694200120062099900170063295201420064956804BD-RjUL20211209080432.0161204s1991 enk b 001 0 eng  a0860372103 (pbk.) :c£14.50 a0860372111 (hardback) a(BD-RjUL)56928 aDLCcDLCdBD-RjULbeng aeng00a297.216223bSAC 199110aSacrilege versus civility :bMuslim perspectives on the Satanic verses affair /cedited by M.M. Ahsan and A.R. Kidwai. aMarkfield, Leicester, U.K. :bIslamic Foundation,cc1991. a383 p. ;c21 cm. aIncludes bibliographical references (p. 343-375) and index.10aRushdie, Salman.tSatanic verses.9168914 0aIslam and literature.91689151 aAhsan, M. M.91689161 aKidwai, Abdur Raheem.9168917 2ddccBK c56804d56804 00102ddc40718FICaRUCLbRUCLcReadingd2011-12-08eUK. ins. foundationl0o297.216 SAC 1991r2016-12-04 00:00:00tC-1w2021-12-09yBK